Statistics for Countries with biggest population of people of African descendents

Click here to take the quiz!

General Stats

  • This quiz has been taken 88 times
  • The average score is 12 of 15

Answer Stats

PeopleAnswer% Correct
46millUSA
99%
55millBrazil
92%
3.8millFrance
91%
2millUK
90%
783000Canada
90%
817000Germany
89%
1.3millMexico
86%
1.1millItaly
84%
4.9millColombia
76%
1.1millCuba
76%
1.9millDominican Republic
73%
8.7millHaiti
72%
2.7millJamaica
71%
2.7millVenezuela
71%
875000Peru
61%

Score Distribution

Percentile by Number Answered

Percent of People with Each Score

Your Score History

You have not taken this quiz